000 00363nam a2200145 i 4500
001 bg
100 1 _aMARCUK, G. J.
245 0 _aCislennye metody v teorii perenosa nejtronov /
_cG.J.Marcuk, V.J.Lebedev.
260 _aMoskva,
_c1971.
700 1 _aLEBEDEV, V. J.
040 _cBPK
041 _apol
942 _cKS
008 s pl f |000 0 pol
999 _c14091
_d14091
856 _uhttp://koha.tu.koszalin.pl/cgi-bin/koha/opac-detail.pl?biblionumber=14091
_yKatalog online BPK